Quel pays existe vraiment ? n°2 - Statistiques

Statistiques générales
  • Ce quiz a été pris 616 fois
  • Le résultat moyen est 8 sur 9
Answers on the Grid
Answers color-coded by a green-red scale on the quiz's grid according to % correct below.
Auroraland
Meridia
Borealis
Lumina
Kiribati
São Tomé-et-Príncipe
Verdania
Burundi
Bénin
Brunei
Eastland
Borealis
Aquilonia
Niue
Liechtenstein
Timor-Leste
Érythrée
Zenithia
Aeterna
 
Statistiques - réponses
Réponse % Correct
Bénin
98%
Burundi
97%
Érythrée
97%
Liechtenstein
97%
São Tomé-et-Príncipe
96%
Brunei
94%
Kiribati
91%
Timor-Leste
80%
Niue
42%
Aucun quiz correspondant
Distribution des résultats
% des personnes avec chaque résultat
Percentile par nombre de réponses
Votre historique - résultats
Vous n’avez pas pris ce quiz